|
|
|
|
| LEADER |
00000cam a2200000 a 4500 |
| 005 |
20111118145546.0 |
| 007 |
cr|||| |||| |
| 008 |
071022s2007 spc|||||| 00| ||spa|c |
| 017 |
|
|
|a DL B. 42799-2007
|b Biblioteca de Catalunya
|
| 020 |
|
|
|a 9788476988015
|
| 035 |
|
|
|a 2042
|
| 040 |
|
|
|d vLex
|
| 080 |
|
|
|a 347.943(460)
|
| 090 |
|
|
|c 2776
|d 2776
|
| 245 |
0 |
3 |
|a El Interrogatorio de partes
|h [Recurso electrn̤ico] /
|c Xavier Abel Lluch, Joan Pic ̤i Junoy (directores) ; Nr︢ia Ginš Castellet, Cšar Arjona Sebasti ̉(coordinadores) ; Ramn̤ Arbs̤ i Llobet ... [et al.]
|
| 256 |
|
|
|a Servicio en ln̕ea
|
| 260 |
|
|
|a Barcelona :
|b Bosch,
|c 2007
|
| 300 |
|
|
|a 1 recurso electrn̤ico
|
| 490 |
0 |
|
|a Serie Estudios prc̀ticos sobre los medios de prueba
|
| 504 |
|
|
|a Bibliografa̕
|
| 506 |
1 |
|
|a Contenido solo disponible en los productos indicados
|d vLex Global
|d vLex Global (Academic Edition, excluding Law Schools)
|d vLex Global (U.S. Academic Edition, Law Schools)
|d vLex Global (U.S. Academic Edition, excluding Law Schools)
|d vLex Global (Academic Edition, Law Schools)
|
| 650 |
0 |
4 |
|a Procedimento civil
|
| 650 |
0 |
4 |
|a Procedimento civil
|z Espaą
|
| 650 |
0 |
4 |
|a Interrogatorio de testimonios
|z Espaą
|
| 700 |
1 |
|
|a Abel Lluch, Xavier,
|e dir.
|
| 700 |
1 |
|
|a Pic ̤i Junoy, Joan,
|e dir.
|
| 700 |
1 |
|
|a Ginš Castellet, Nr︢ia,
|e coor.
|
| 700 |
1 |
|
|a Arjona Sebasti,̀ Cšar,
|e coor.
|
| 740 |
0 |
|
|a vLex Libros (Servicio en ln̕ea)
|
| 830 |
|
|
|a Coleccin̤ de Formacin̤ continua.
|p Facultad de Derecho ESADE.
|p Serie Estudios prc̀ticos sobre los medios de prueba
|
| 856 |
4 |
0 |
|u http://vlex.com/source/interrogatorio-partes-2042
|z Acceso restringido
|
| 942 |
|
|
|c BOOK
|